CIEMME, ANNO 09-N.035-1979 (Record n. 125633)

Dettagli MARC
000 -LEADER
fixed length control field 00789nas a2200253Ia 4500
001 - CONTROL NUMBER
control field R005/42263
003 - CONTROL NUMBER IDENTIFIER
control field IT-RoPAU
008 - FIXED-LENGTH DATA ELEMENTS--GENERAL INFORMATION
fixed length control field 151124c99999999xx |||||||||||| ||und||
040 ## - CATALOGING SOURCE
Original cataloging agency IT-RoPAU
040 ## - CATALOGING SOURCE
Transcribing agency IT-RoPAU
041 ## - LANGUAGE CODE
Language code of text/sound track or separate title ITALIANO
100 ## - MAIN ENTRY--PERSONAL NAME
Personal name Fugard Athol
Miscellaneous information Codice Aut. SPICS: 6389
210 ## - ABBREVIATED TITLE
Abbreviated title CIEMME
222 ## - KEY TITLE
Key title Ciemme
245 ## - TITLE STATEMENT
Title CIEMME, ANNO 09-N.035-1979
Remainder of title Sizwe Bansi E' Morto (Dialoghi)
250 ## - EDITION STATEMENT
Edition statement 1a ed.
260 ## - PUBLICATION, DISTRIBUTION, ETC. (IMPRINT)
Place of publication, distribution, etc. VENEZIA
Name of publisher, distributor, etc. CINIT/CINEFORUM
Date of publication, distribution, etc. 1979
300 ## - PHYSICAL DESCRIPTION
Extent 22 p. [19-40]
362 ## - DATES OF PUBLICATION AND/OR SEQUENTIAL DESIGNATION
Dates of publication and/or sequential designation ANNO 009, N.035-1979
501 ## - WITH NOTE
-- Paulus - SPICS - Società San Paolo EM (non-commercial uses only)
-- Copyright2015
500 ## - GENERAL NOTE
General note Teatro-Africano Testo-Dei-Dialoghi Traduzione-Di-Armando-Pajalich
650 ## - SUBJECT ADDED ENTRY--TOPICAL TERM
Topical term or geographic name as entry element CINEMA
Form subdivision PUBBLICAZIONE PERIODICA
942 ## - ADDED ENTRY ELEMENTS (KOHA)
Koha item type RIVISTA
Dati di copia
Withdrawn status Lost status Damaged status Not for loan Home library Current library Date acquired Total Checkouts Full call number Date last seen Price effective from Koha item type Public note
    Buone Condizioni Not For Loan SPICS-MEDIATECA SPICS-MEDIATECA 25/11/2015   R005/42263 25/11/2015 25/11/2015 RIVISTA Progr. Ins: 11046 / Copia rara: NO / date import: 25.11.2015 / By Epidotti, Trombetti, Vaglietti
CREDITS: SOCIETA' SAN PAOLO Via A.Severo, 58 - ROMA (RM) & PERIODICI SAN PAOLO SRL Via Giotto, 36 MILANO & CISF Via Giotto, 36 MILANO & EDIZIONI SAN PAOLO SRL,  Piazza Soncino, 5 CINISELLO BALSAMO (MI) -- ITALY